| 000 | 00375nam a2200145Ia 4500 | ||
|---|---|---|---|
| 008 | 150201s2006 xx 000 0 und d | ||
| 082 |
_a617.6 _bM2006S |
||
| 100 | _aSHENOY | ||
| 245 | _aMANIPAL MANUAL OF SURGERY FOR DENTAL STUDENTS | ||
| 250 | _a1ST | ||
| 260 |
_bC.B.S PUBLISHERS & DISTRIBUTERS _aDELHI _c2006 |
||
| 300 | _a1-326 | ||
| 650 | _aSURGERY | ||
| 942 |
_2ddc _cBK _06 |
||
| 999 |
_c3485 _d3485 |
||